Deutsche und polnische Lektüren über den Zweiten Weltkrieg und den Holocaust
| Titel: | Deutsche und polnische Lektüren über den Zweiten Weltkrieg und den Holocaust : eine vergleichende Untersuchung zur schulischen Kanonbildung und zum kulturellen Gedächtnis / Marita Meyer |
|---|---|
| Verfasser: | |
| In: |
Convivium, (2009), Seite 213-243 alle Artikel anzeigen |
| Veröffentlicht: | 2009 |
| Format: | Aufsatz |
| Sprache: | Deutsch |
X
alg: 21959463 001A $04504:13-01-10 001B $01999:23-07-19 $t17:37:31.000 001C $04504:13-01-10 $t18:00:43.000 001D $04504:13-01-10 001U $0utf8 001X $00 002@ $0Aou 003@ $0219594635 007A $0219594635 $aHEB 010@ $ager 011@ $a2009 021A $aDeutsche und polnische Lektüren über den Zweiten Weltkrieg und den Holocaust $deine vergleichende Untersuchung zur schulischen Kanonbildung und zum kulturellen Gedächtnis $hMarita Meyer 028A $7130530530 $8Meyer, Marita$Z1962- [Tp3] $9160693187 031A $h213-243 $j2009 039B $aIn $8--Abvc--. Convivium. - Łódź : Verlag der Universität Lodz, 1994-. - ISSN 2196-8403 $x200900000000000787 $9048657417 044K $RKongresspolen $RWestgalizien $#Generalgouvernement Polen $#Polska $#Rzeczpospolita Polska $#Polska Rzeczpospolita Ludowa $#Poland $#Pologne $#République Polonaise $#Generalne Gubernatorstwo w Polsce $#Polish People's Republic $#Polska Rzeczpospolita Polen $#PRL $#RP $#Polen Generalgouvernement $#Polska Generalgouvernement $#Besetzte Polnische Gebiete $#Besetztes Gebiet in Polen $#Okupowane Polskie Obszary $#Obszary Okupowane w Polsce $#Volksrepublik Polen $#Polska Rosyjska $#Republic Polen $#Respublika Pol'ša $#Pol'skaja Narodnaja Respublika $#République de Pologne $#Polen Links der Weichsel $#Polska po Lewej Stronie Wisły $#Lenkija $#Polija $#Gubernija Carstva Pol'skago $#Republik Polen $74046496-9 $8Polen [Tg1] $9085129801 044K $RDeutsches Sprachgebiet $RDeutschland $RDeutschland $#Deutsche Länder $#Germany Deutschland $#Heiliges Römisches Reich $#Rheinbund $#Deutscher Bund $#Norddeutscher Bund $#Deutsches Reich $#Deutschland Gebiet unter Alliierter Besatzung $#Deutschland Bundesrepublik, 1990- $#BRD 1990- $#Federal Republic of Germany Deutschland $#Republic of Germany Deutschland $#Allemagne Deutschland $#Ǧumhūrīyat Almāniyā al-Ittiḥādīya $#Bundesrepublik Deutschland 1990- $#BRD $#Niemcy $#République Fédérale d'Allemagne Deutschland $#Repubblica Federale di Germania Deutschland $#Germanija $#Federativnaja Respublika Germanija $#FRG $#Deyizhi-Lianbang-Gongheguo $74011882-4 $8Deutschland [Tg1] $9085025550 044K $#Canon (Literature) $#Canon des Écritures $#Canons littéraires $#Canon (Literatura) $#Kanonisierung $#Kanonbildung $74131583-2 $8Kanon [Ts1] $9085469831 044K $RBuch $RSchriftsteller $#Literature $#Littérature $#Letteratura $#Literatura $#literature $#Literature $#Literatur $#Literatur $#Belletristik $#Dichtung Literatur $#Schöne Literatur $#Sprachkunst $#Wortkunst $74035964-5 $8Literatur [Tsz] $9085097128 044K $RMotiv $#World War, 1939-1945 Literature and the war $#World War, 1939-1945 Art and the war $#Guerre mondiale (1939-1945) Littérature et guerre $#Guerre mondiale (1939-1945) Art et guerre $#Guerra mundial, 1939-1945 Arte y guerra $#Guerra mundial, 1939-1945 Literatura y guerra $#Weltkrieg 1939-1945, Motiv $74133624-0 $8Zweiter Weltkrieg$gMotiv [Ts1] $9085485748 044K $RMotiv $#Holocaust, Jewish (1939-1945), in literature $#Holocausto judío (1939-1945) En la literatura $74122228-3 $8Judenvernichtung$gMotiv [Ts1] $9085399175 045T $a7,20 $a7,20 045T $aAVL $qDE-30 $2FID 045T $aGER $qDE-30 $2FID 045V $803.17.00$jDeutschunterricht. Literaturdidaktik [Tkx] $9118843346 lok: 21959463 62 exp: 21959463 62 1 #EPN 201B/01 $014-01-10 $t00:05:54.000 203@/01 $0587111623 208@/01 $a14-01-10 $be 209A/01 $a/ $f000 $x00 209B/01 $a2010 $x05 247C/01 $8Frankfurt, Bibliographie der Deutschen Sprach- und Literaturwissenschaft $9113214561 201U/01 $0utf8 lok: 21959463 78 exp: 21959463 78 1 #EPN 201B/01 $001-11-19 $t14:49:33.000 201C/01 $001-11-19 201U/01 $0utf8 203@/01 $01066670080 208@/01 $a01-11-19 $be 209A/01 $a/ $f000 $x00 209A/01 $ab*p $x01 220C/01 $aeja 244Z/01 $#Generalgouvernement Polen $#Polska $#Rzeczpospolita Polska $#Polska Rzeczpospolita Ludowa $#Poland $#Pologne $#République Polonaise $#Generalne Gubernatorstwo w Polsce $#Polish People's Republic $#Polska Rzeczpospolita Polen $#PRL $#RP $#Polen Generalgouvernement $#Polska Generalgouvernement $#Besetzte Polnische Gebiete $#Besetztes Gebiet in Polen $#Okupowane Polskie Obszary $#Obszary Okupowane w Polsce $#Volksrepublik Polen $#Polska Rosyjska $#Republic Polen $#Respublika Pol'ša $#Pol'skaja Narodnaja Respublika $#République de Pologne $#Polen Links der Weichsel $#Polska po Lewej Stronie Wisły $#Lenkija $#Polija $#Gubernija Carstva Pol'skago $#Republik Polen $74046496-9 $8--Tg1--Polen $x01 $9085129801 247C/01 $82080>Marburg/Lahn, Herder-Institut, Forschungsbibliothek, Bibliographieportal $9336309341
| LEADER | 00000caa a2200000 c 4500 | ||
|---|---|---|---|
| 001 | 219594635 | ||
| 003 | DE-603 | ||
| 005 | 20190723173731.0 | ||
| 007 | tu | ||
| 008 | 100113s2009 xx |||| | u00||u|ger c | ||
| 035 | |a (DE-599)HEB219594635 | ||
| 040 | |a DE-603 |b ger |c DE-603 |d DE-603 | ||
| 041 | |a ger | ||
| 084 | |a 7,20 |a 7,20 |2 ssgn | ||
| 084 | |a AVL |q DE-30 |2 fid | ||
| 084 | |a GER |q DE-30 |2 fid | ||
| 100 | 1 | |a Meyer, Marita |d 1962- |0 (DE-603)160693187 |0 (DE-588)130530530 |2 gnd | |
| 245 | 0 | 0 | |a Deutsche und polnische Lektüren über den Zweiten Weltkrieg und den Holocaust |b eine vergleichende Untersuchung zur schulischen Kanonbildung und zum kulturellen Gedächtnis |c Marita Meyer |
| 264 | 0 | |c 2009 | |
| 650 | 7 | |a Kanon |0 (DE-588)4131583-2 |0 (DE-603)085469831 |2 gnd | |
| 650 | 7 | |a Literatur |0 (DE-588)4035964-5 |0 (DE-603)085097128 |2 gnd | |
| 650 | 7 | |a Zweiter Weltkrieg |g Motiv |0 (DE-588)4133624-0 |0 (DE-603)085485748 |2 gnd | |
| 650 | 7 | |a Judenvernichtung |g Motiv |0 (DE-588)4122228-3 |0 (DE-603)085399175 |2 gnd | |
| 651 | 7 | |a Polen |0 (DE-588)4046496-9 |0 (DE-603)085129801 |2 gnd | |
| 651 | 7 | |a Deutschland |0 (DE-588)4011882-4 |0 (DE-603)085025550 |2 gnd | |
| 773 | 0 | 8 | |i In |t Convivium |d Łódź : Verlag der Universität Lodz, 1994- |x 2196-8403 |g (2009), Seite 213-243 |w (DE-603)048657417 |w (DE-600)1221798-0 |
| 924 | 0 | |9 603 |a (DE-603)587111623 |b DE-603 |c HES |d d | |
| 924 | 0 | |9 2080 |a (DE-603)1066670080 |b DE-2080 |c HES |d d |g / | |


